Landlords feel the heat of global warming (Record no. 75036)

MARC details
000 -LEADER
fixed length control field 01404cab a2200217 4500
001 - CONTROL NUMBER
control field L129267
008 - FIXED-LENGTH DATA ELEMENTS--GENERAL INFORMATION
fixed length control field 050406n2005 000 0 eng u
035 ## - SYSTEM CONTROL NUMBER
System control number (Sirsi) u129267
041 ## - LANGUAGE CODE
Language code of text/sound track or separate title eng
100 ## - MAIN ENTRY--PERSONAL NAME
Personal name Cullen, Nick
245 ## - TITLE STATEMENT
Title Landlords feel the heat of global warming
260 ## - PUBLICATION, DISTRIBUTION, ETC.
Date of publication, distribution, etc. 2005
490 ## - SERIES STATEMENT
Series statement Estates Gazette
Volume/sequential designation (0512) 26 March 2005, 210(1)
520 ## - SUMMARY, ETC.
Summary, etc. Examines the effect of the EU directive on the energy performance of buildings (Directive 2002/91/EC). This has influenced other regulations from the UK government such as the proposed revisions to Part L of the Building Regulations. There is a move across all sectors of the economy to encourage a low carbon economy, with proposals to cut UK carbon dioxide emissions by 60% by 2050. Directive 2002/91/EC has wide implications for the operators, owners and developers of all buildings in the UK. All national legislation should be in place by 4 January 2006 and its key provisions include; minimum requirements for the energy performance of existing large buildings that are subject to major renovation, and energy certification of all buildings.
590 ## - LOCAL NOTE (RLIN)
Local note IKA150405
650 ## - SUBJECT ADDED ENTRY--TOPICAL TERM
Topical term or geographic name entry element DIRECTIVE 2002/91/EC
650 ## - SUBJECT ADDED ENTRY--TOPICAL TERM
Topical term or geographic name entry element BUILDING REGULATIONS 2000 APPROVED DOCUMENT L1 (2002 EDITION)
650 ## - SUBJECT ADDED ENTRY--TOPICAL TERM
Topical term or geographic name entry element BUILDING REGULATIONS 2000 APPROVED DOCUMENT L2 (2002 EDITION)
690 ## - LOCAL SUBJECT ADDED ENTRY--TOPICAL TERM (OCLC, RLIN)
Topical term or geographic name as entry element BUILT ENVIRONMENT-BUILDING STANDARDS
942 ## - ADDED ENTRY ELEMENTS (KOHA)
Suppress in OPAC 0
Holdings
Withdrawn status Lost status Source of classification or shelving scheme Damaged status Not for loan Home library Current library Shelving location Date acquired Total Checkouts Full call number Barcode Date last seen Copy number Price effective from Koha item type
    Dewey Decimal Classification     London London Journal article 06/04/2005   L129267 129267-1001 06/08/2019 1 06/08/2019 Journal article